| 000 | 00464nam a22001697a 4500 | ||
|---|---|---|---|
| 003 | MPLRDC | ||
| 005 | 20220104144041.0 | ||
| 008 | 210129b ||||| |||| 00| 0 eng d | ||
| 020 | _a957-00-4239-7 | ||
| 082 | _a839.9 HHZZ | ||
| 100 | _a中华民国侨务委员会 编 | ||
| 245 |
_a橙柚留芳: 第二届海华杂志文学奖 _c |
||
| 260 |
_a _b中华民国侨务委员会 _c1994 |
||
| 300 | _b平 | ||
| 650 | _a华侨文学总集 | ||
| 942 |
_cBK _o839.9 HHZZ |
||
| 999 |
_c45900 _d45890 |
||